|
|
|
|
| LEADER |
01186nam a2200313 a 4500 |
| 001 |
1251 |
| 003 |
BD-DhAAL |
| 005 |
20130909120946.0 |
| 008 |
130909s1980 nyua bs i000 0 eng d |
| 010 |
|
|
|a 81133059
|
| 040 |
|
|
|a DLC
|c DLC
|d DLC
|d BD-DhAAL
|
| 050 |
0 |
0 |
|a HB901
|b .H4613 1980
|
| 082 |
|
|
|2 19
|a 304.6/32/0723
|
| 100 |
1 |
|
|a Henry, Louis,
|d 1911-1991.
|9 2993
|
| 245 |
1 |
0 |
|a Fertility of marriage :
|b a new method of measurement /
|c by Louis Henry ; translated by Nita Lery.
|
| 260 |
|
|
|a New York :
|b United Nations,
|c 1980.
|
| 300 |
|
|
|a iv, 136 p. :
|b ill. ;
|c 28 cm.
|
| 490 |
|
0 |
|a Population studies translation series ;
|v no. 3
|
| 500 |
|
|
|a Translation of: Fecondite des marriages.
|
| 500 |
|
|
|a Corrigenda slip laid in.
|
| 504 |
|
|
|a Includes bibliographical references.
|
| 541 |
|
|
|e 1251
|
| 650 |
|
0 |
|a Fertility, Human
|9 2994
|
| 650 |
|
0 |
|a Fertility, Human
|x Measurement.
|9 2995
|
| 650 |
|
0 |
|a Fertility
|9 2996
|
| 650 |
|
0 |
|a Statistics as Topic.
|9 2997
|
| 942 |
|
|
|2 ddc
|c BK
|
| 999 |
|
|
|c 13947
|d 13947
|
| 952 |
|
|
|0 0
|1 0
|2 ddc
|4 0
|6 304_632072300000000_HEN
|7 0
|9 23343
|a BRACUL
|b BRACUL
|c GEN
|d 2013-09-09
|g 0.00
|l 0
|o 304.6320723 HEN
|p 3010001251
|r 2013-09-09
|t 1
|w 2013-09-09
|y BK
|z Not price in Register
|